| 000 | 02518nam a2200505 i 4500 | ||
|---|---|---|---|
| 001 | 92979 | ||
| 003 | FINmELB | ||
| 005 | 20241217172148.0 | ||
| 006 | m o d | | ||
| 007 | cr cnu|||||||| | ||
| 008 | 200110s2017 sp ob 000 0 spa d | ||
| 020 |
_a9788436838619 _q(e-book) |
||
| 035 | _a(OCoLC)1139492177 | ||
| 040 |
_aFINmELB _bspa _erda _cFINmELB |
||
| 050 | 1 | 4 |
_aHQ23 _b.D582 2017 |
| 080 | _a316.644-055.34(460):159.922.1 | ||
| 082 | 0 | 4 |
_a306.7 _223 |
| 100 | 1 | _aDi Marco, Donatella. | |
| 245 | 1 | 0 |
_aQuién queda en el armario? : _bla experiencia de los colectivos de personas lesbianas y gais en el trabajo / _cDonatella di Marco, Lourdes Munduate, Alicia Arenas, Helge Hoel. |
| 264 | 1 |
_aMadrid : _bDifusora Larousse - Ediciones Pirámide, _c2017. |
|
| 300 | _a1 recurso en línea (62 páginas) | ||
| 336 |
_atexto _btxt _2rdacontent/spa |
||
| 337 |
_acomputadora _bc _2rdamedia/spa |
||
| 338 |
_arecurso en línea _bcr _2rdacarrier/spa |
||
| 490 | 1 | _aColección "Empresa y gestión" | |
| 504 | _aBibliografía. | ||
| 505 | 0 | _aIntro -- Prólogo -- Introducción -- 1. España, entre tradición y liberalismo -- 2. El proceso de coming out -- 2.1. El estado del arte -- 2.2. Y tú, ¿qué rol interpretas? -- 3. Un paso más allá de la discriminación: las conductas incívicas en el trabajo -- 3.1. Conductas agresivas en el trabajo -- 3.2. Discriminación moderna -- 3.3. Los actos incívicos como forma de discriminación moderna en el trabajo: el caso de las personas LG -- 4. Buenas prácticas en las organizaciones -- 4.1. Buenas prácticas de inclusión social en las organizaciones laborales -- Referencias -- Créditos. | |
| 588 | _aDescripción basada en metadatos suministrados por el editor y otras fuentes. | ||
| 590 | _aRecurso electrónico. Santa Fe, Arg.: elibro, 2020. Disponible vía World Wide Web. El acceso puede estar limitado para las bibliotecas afiliadas a elibro. | ||
| 650 | 0 | _aSexual orientation. | |
| 650 | 0 | _aGays. | |
| 650 | 0 | _aDiversity in the workplace. | |
| 650 | 0 | _aInterpersonal relations. | |
| 650 | 4 |
_aOrientación sexual _zEspaña. |
|
| 650 | 4 |
_aHomosexuales _xTrabajo. |
|
| 650 | 4 | _aRelaciones interpersonales en el trabajo. | |
| 655 | 4 | _aLibros electrónicos. | |
| 700 | 1 | _aMunduate, Lourdes. | |
| 700 | 1 | _aArenas, Alicia. | |
| 700 | 1 | _aHoel, Helge. | |
| 797 | 2 | _aelibro, Corp. | |
| 830 | 0 | _aColección "Empresa y gestión". | |
| 856 | 4 | 0 | _uhttps://elibro.net/ereader/politecnicointernacional/123041 |
| 999 |
_c92979 _d92979 |
||